000 00280nam a2200121Ia 4500
008 190216s9999||||xx |||||||||||||| ||und||
100 _aLarsanar N J
245 0 _aSalkathakalam Vol 1 To 10
260 _bOriental Watchman Pub
300 _a80
650 _aKathakal
942 _cBK
999 _c27082
_d27082